Statistics for U.S. States with Most Lost House Seats

Click here to take the quiz!

General Stats

  • This quiz has been taken 27 times
  • The average score is 9 of 11

Answer Stats

#State% Correct
-19Pennsylvania
100%
-19New York
96%
-9Ohio
96%
-6Michigan
92%
-12Virginia
92%
-11Massachusetts
88%
-10Illinois
81%
-7Kentucky
73%
-8Missouri
73%
-7Iowa
62%
-6Maine
62%

Score Distribution

Percentile by Number Answered

Percent of People with Each Score

Your Score History

You have not taken this quiz